000 01190nam a2200325 i 4500
001 000001758
003 DO-SdBNP
005 20260321073637.0
007 ta
008 090626s2004 dr 000 0 spa d
020 _a9993467138
040 _aDO-SdBNP
_bspa
_cBNPHU
_erda
082 4 _aRD863.44
_bB742m
_222
100 1 _a Bosch, Juan,
_d1909-2001
_976555
245 1 3 _aLa Mañosa :
_bestudio, cronología, notas y variantes /
_cJuan Bosch ; Guillermo Piña-Contreras ; presentación, Rafael Perelló Abreu.
264 _aSanto Domingo :
_bIndustrias Banilejas :
_bFundación Juan Bosch,
_c2004.
300 _a334 páginas ;
_c27 cm.
336 _2rdacontent
_atexto
_btxt
337 _2rdamedia
_asin mediación
_bn
338 _2rdacarier
_avolumen
_bnc
500 _aIncluye referencias bibliográficas y notas al pie de las páginas.
590 _aInventariado, 2020/MFF
600 1 0 _a Bosch, Juan,
_d1909-2001
_976555
650 0 _aNovela dominicana
_9223
650 0 _aLiteratura dominicana.
_967
700 1 _aPiña-Contreras, Guillermo
_95716
700 1 _aPerelló Abreu, Rafael,
_95717
_epresentación
910 _aValidado. Control de calidad MMOLINA
942 _2ddc
_cLBS1
999 _c1635
_d1635